| 000 | 00863nam a2200217Ia 4500 | ||
|---|---|---|---|
| 999 |
_c41173 _d41173 |
||
| 001 | 7824 | ||
| 003 | GE_BSU | ||
| 005 | 20220926154457.0 | ||
| 008 | 181216s2012en xx |||||||||||||| ||eng|| | ||
| 020 | _a9780863156083 | ||
| 040 | _cGE_BSU | ||
| 080 | _a744 A-38 | ||
| 100 |
_aAllen,Jon _914817 |
||
| 245 |
_aDrawing Geometry : _bA primer of Basic Forms for Artists,Designers and Architects / _cJon Allen |
||
| 264 |
_aEdinburgh : _bFloris Books, _c2012. |
||
| 300 |
_a86 p.: _bIll; _c23 cm. |
||
| 653 | _aA primer of Basic Forms for Artists,Designers and Architects | ||
| 653 | _aDrawing Geometry | ||
| 653 | _aძირითადი ფორმების პრაიმერი მხატვრებისთვის, დიზაინერებისთვის და არქიტექტორებისთვის | ||
| 942 |
_cBK _2udc |
||